000
00379nam a22001097a 4500
008
110121t xxu||||| |||| 00| 0 eng d
100
_a
Bose
_9
194
245
_a
Power Electronics and Motor Drives
300
_a
x
942
_2
ddc
_c
BK
999
_c
519
_d
519